Statistics for Countries that Use the Peso

Click here to take the quiz!

General Stats

  • This quiz has been taken 32,546 times
  • The average score is 6 of 8

Answer Stats

Country% Correct
Mexico
96%
Argentina
87%
Colombia
87%
Chile
85%
Uruguay
78%
Cuba
73%
Dominican Republic
63%
Philippines
40%

Score Distribution

Percentile by Number Answered

Percent of People with Each Score

Your Score History

You have not taken this quiz